|
|
|
|
| LEADER |
00000nas1a2200000 4500 |
| 001 |
400203 |
| 005 |
20231101065346.0 |
| 011 |
|
|
|a 1684-2472
|
| 035 |
|
|
|a (RuTPU)RU\TPU\prd\42295
|
| 090 |
|
|
|a 400203
|
| 100 |
|
|
|a 20060330a20069999km y0rusy50 ca
|
| 101 |
0 |
|
|a rus
|
| 102 |
|
|
|a RU
|
| 110 |
|
|
|a afaz|||0uu0
|
| 200 |
1 |
|
|a Электрика
|e ежемесячный научный, производственно-технический, информационно-аналитический журнал
|f ООО "Наука и технологии"
|
| 210 |
|
|
|a Москва
|c Наука и технологии
|d 2006-
|
| 305 |
|
|
|a Издается с 2001 г.
|
| 326 |
|
|
|a 12 номеров в год
|
| 469 |
|
|
|0 (RuTPU)RU\TPU\subscr\2780
|
| 610 |
1 |
|
|a электротехника
|
| 610 |
1 |
|
|a энергетика
|
| 610 |
1 |
|
|a электроэнергетика
|
| 610 |
1 |
|
|a качество
|
| 610 |
1 |
|
|a энергосбережение
|
| 610 |
1 |
|
|a электроучет
|
| 610 |
1 |
|
|a оборудование
|
| 610 |
1 |
|
|a электробезопасность
|
| 610 |
1 |
|
|a ремонт
|
| 610 |
1 |
|
|a диагностика
|
| 610 |
1 |
|
|a оборудование
|
| 675 |
|
|
|a 621.31
|
| 712 |
0 |
2 |
|a ООО "Наука и технологии"
|4 570
|
| 801 |
|
1 |
|a RU
|b 63413507
|c 20060330
|g PSBO
|
| 801 |
|
2 |
|a RU
|b 63413507
|c 20180116
|g PSBO
|
| 856 |
4 |
|
|u http://www.nait.ru/journals/index.php?p_journal_id=4
|
| 856 |
4 |
|
|u https://elibrary.ru/title_about.asp?id=9288
|
| 942 |
|
|
|c CR
|
| 969 |
|
|
|0 001RU\TPU\subscr\2780
|